00643nam a2200205Ia 4500952012800000999001700128003000400145005001700149008004100166020001500207040000900222082001800231100002500249245004700274250001200321260004100333300000900374650001200383942004200395 00102ddc40708GRAaMESbMEScENGd2019-02-20g140.00l0o428.24 RED/Ep40137r2019-02-20 00:00:00w2019-02-20yBKzGR9R2 c15053d15053OSt20201110112243.0190216s9999||||xx |||||||||||||| ||und|| a0521779634 coclc a428.24bRED/E aRedman, Stuart96379 0aEnglish Vocabulary In Use /cStuart Redman a5th Ed. bCambridge Uty Press,c2004.aLondon: a270p aEnglish cBK2ddch428.24iRED/Ek428.24mRED/E